000 00635pam a2200229 a 4500
001 4800714
005 20180115071550.0
008 880303s1989 nyu b 000 0 eng
010 _a 88007032
020 _a0023961619
040 _aDLC
_cDLC
_dDLC
041 _aeng
080 _a194
082 0 0 _a194 POP
_219
100 1 _a24
101 _aFIL
240 1 0 _aWorks.
_kSelections.
_lEnglish.
_f1989
245 1 0 _aPascal selections /
_cedited, with introduction, notes, and bibliography by Richard H. Popkin.
504 _aBibliography: p. 265-266.
906 _a7
_bcbc
_corignew
_d1
_eocip
_f19
_gy-gencatlg
942 _2ddc
_cBK
999 _c40269
_d40269